[Event "Scarborough CC Jack Frost U1700"]
[Site "Toronto CAN"]
[Date "2009.01.29"]
[Round "4"]
[White "Karpik, Steve"]
[Black "Dattani, Dinesh"]
[Result "1-0"]
[WhiteElo "1516"]
[BlackElo "1338"]
[PlyCount "77"]
[GameId "2160767910281682"]
[EventDate "2009.01.08"]
[EventType "swiss"]
[EventRounds "7"]
[EventCountry "CAN"]
[SourceTitle "EXT 2011"]
[Source "ChessBase"]
[SourceDate "2011.11.26"]
[SourceVersion "1"]
[SourceVersionDate "2011.11.26"]
[SourceQuality "1"]

1. Nf3 Nf6 2. c4 c5 3. Nc3 d5 4. cxd5 Nxd5 5. Nxd5 Qxd5 6. g3 b6 7. Bg2 Bb7 8. Qa4+ Bc6 9. Qg4 g6 10. Nh4 Qd7 11. Qxd7+ Kxd7 12. O-O Bxg2 13. Nxg2 Bg7 14. Rb1 Nc6 15. d3 e5 16. Ne3 Nd4 17. Re1 Rhe8 18. b3 e4 19. dxe4 Rxe4 20. Bb2 Rae8 21. Rbd1 Kc6 22. Rc1 Bh6 23. b4 Bxe3 24. fxe3 Ne6 25. Rc3 c4 26. a4 b5 27. axb5+ Kxb5 28. Ra1 a6 29. Ra5+ Kb6 30. Rca3 Nc7 31. Bd4+ Kb7 32. Ra2 Nb5 33. Rxa6 c3 34. Rb6+ Kc7 35. Rxb5 Rc8 36. Rc5+ Kd8 37. Bf6+ Kd7 38. Ra7+ Ke6 39. Rxc8 1-0

[Event "Scarborough CC Jack Frost U1700"]
[Site "Toronto CAN"]
[Date "2009.01.29"]
[Round "4"]
[White "Radpey, Abdolreza"]
[Black "Pishdad, Hassan"]
[Result "0-1"]
[WhiteElo "1609"]
[BlackElo "1366"]
[PlyCount "96"]
[GameId "2160767910281683"]
[EventDate "2009.01.08"]
[EventType "swiss"]
[EventRounds "7"]
[EventCountry "CAN"]
[SourceTitle "EXT 2011"]
[Source "ChessBase"]
[SourceDate "2011.11.26"]
[SourceVersion "1"]
[SourceVersionDate "2011.11.26"]
[SourceQuality "1"]

1. d4 g6 2. c4 Bg7 3. Nc3 c6 4. e4 e5 5. d5 d6 6. Bd3 Nf6 7. h3 Na6 8. Nf3 Nc5 9. Bc2 a5 10. O-O Bd7 11. Be3 b6 12. Na4 Rb8 13. Nxc5 bxc5 14. Rb1 cxd5 15. exd5 O-O 16. Qc1 Bc8 17. Bh6 Ba6 18. Bxg7 Kxg7 19. b3 Nxd5 20. cxd5 Bxf1 21. Kxf1 Qb6 22. h4 Qb7 23. Qd2 Qb4 24. Qd1 e4 25. Ng5 e3 26. h5 Qh4 27. Nh3 Rbe8 28. Qe2 Qxh5 29. Qxh5 gxh5 30. f3 Re5 31. Nf4 Rfe8 32. Ke2 Rh8 33. Rh1 f5 34. Rxh5 Kf6 35. Rh6+ Kg5 36. Rxd6 Kxf4 37. g3+ Kxg3 38. Rf6 Rxd5 39. Kxe3 Re8+ 40. Be4 fxe4 41. fxe4 h5 42. Rf3+ Kg4 43. Rf1 h4 44. Rg1+ Kh5 45. Rg7 Rde5 46. Rh7+ Kg4 47. Rg7+ Kh3 48. Rg1 Rxe4+ 0-1

[Event "Scarborough CC Jack Frost U1700"]
[Site "Toronto CAN"]
[Date "2009.01.29"]
[Round "4"]
[White "Woolford, Jesse"]
[Black "Xi, Jason"]
[Result "1-0"]
[WhiteElo "1062"]
[BlackElo "1012"]
[PlyCount "81"]
[GameId "2160767910281684"]
[EventDate "2009.01.08"]
[EventType "swiss"]
[EventRounds "7"]
[EventCountry "CAN"]
[SourceTitle "EXT 2011"]
[Source "ChessBase"]
[SourceDate "2011.11.26"]
[SourceVersion "1"]
[SourceVersionDate "2011.11.26"]
[SourceQuality "1"]

1. e4 c5 2. Nc3 d6 3. f4 Nf6 4. Nf3 g6 5. Bc4 Bg7 6. d3 O-O 7. O-O Nc6 8. Qd2 Rb8 9. a4 Be6 10. Bxe6 fxe6 11. Qf2 e5 12. fxe5 Nxe5 13. Nxe5 Ng4 14. Qe2 Nxe5 15. Rxf8+ Qxf8 16. Bg5 Nf7 17. Bh4 b6 18. Rf1 Qe8 19. Ra1 Ne5 20. Bg3 Qd7 21. Bxe5 Bxe5 22. h3 Rf8 23. Qg4 Qxg4 24. hxg4 Rf4 25. a5 Bxc3 26. bxc3 b5 27. a6 e5 28. Ra5 c4 29. Rxb5 cxd3 30. cxd3 Rf7 31. Rb7 Kg7 32. d4 exd4 33. cxd4 Kf6 34. Kf2 Ke6+ 35. Ke3 Rd7 36. Kd3 Ke7 37. Kc4 Kd8 38. Kb5 Rc7 39. e5 Rxb7+ 40. axb7 Kc7 41. Ka6 1-0

[Event "Scarborough CC Jack Frost U1700"]
[Site "Toronto CAN"]
[Date "2009.01.29"]
[Round "4"]
[White "Yusuf, Magas"]
[Black "Yin, Zining"]
[Result "1/2-1/2"]
[WhiteElo "1224"]
[BlackElo "1376"]
[PlyCount "105"]
[GameId "2160767910281685"]
[EventDate "2009.01.08"]
[EventType "swiss"]
[EventRounds "7"]
[EventCountry "CAN"]
[SourceTitle "EXT 2011"]
[Source "ChessBase"]
[SourceDate "2011.11.26"]
[SourceVersion "1"]
[SourceVersionDate "2011.11.26"]
[SourceQuality "1"]

1. e4 c5 2. Nf3 d6 3. d4 cxd4 4. Nxd4 Nf6 5. Nc3 g6 6. Be3 Bg7 7. Bd3 Nc6 8. Qd2 Ng4 9. a3 Nxd4 10. Bxd4 Bxd4 11. Bb5+ Bd7 12. Bxd7+ Qxd7 13. Qxd4 Nf6 14. O-O O-O 15. Rac1 a6 16. f4 e5 17. fxe5 dxe5 18. Qxe5 Ng4 19. Qf4 f5 20. exf5 Rxf5 21. Qc4+ Kg7 22. Rxf5 Qxf5 23. Qc7+ Qf7 24. Qxf7+ Kxf7 25. Nd5 Rd8 26. Rf1+ Kg7 27. c4 Ne5 28. Nc7 Rd2 29. Ne6+ Kh6 30. b3 Rb2 31. Re1 Nd3 32. Rf1 Rxb3 33. Rf3 Rb1+ 34. Rf1 Rb6 35. Rf3 Rxe6 36. Rxd3 Re1+ 37. Kf2 Rc1 38. Rd7 Rxc4 39. Rxb7 Rc3 40. a4 Rc4 41. a5 Ra4 42. g4 Rxa5 43. h3 Ra1 44. g5+ Kxg5 45. Rxh7 a5 46. Ra7 a4 47. Ra5+ Kh4 48. Ra6 Kxh3 49. Rxg6 Ra2+ 50. Ke3 a3 51. Ra6 Ra1 52. Kd3 Rg1 53. Kc2 1/2-1/2

[Event "Scarborough CC Jack Frost U1700"]
[Site "Toronto CAN"]
[Date "2009.02.05"]
[Round "5"]
[White "Dattani, Dinesh"]
[Black "Teram, Eli"]
[Result "0-1"]
[WhiteElo "1338"]
[BlackElo "1450"]
[PlyCount "82"]
[GameId "2160767910281686"]
[EventDate "2009.01.08"]
[EventType "swiss"]
[EventRounds "7"]
[EventCountry "CAN"]
[SourceTitle "EXT 2011"]
[Source "ChessBase"]
[SourceDate "2011.11.26"]
[SourceVersion "1"]
[SourceVersionDate "2011.11.26"]
[SourceQuality "1"]

1. d4 d5 2. c4 Nf6 3. Nc3 e6 4. Nf3 Bb4 5. Qa4+ Nc6 6. Ne5 Bd7 7. Nxc6 Bxc3+ 8. bxc3 Bxc6 9. Qb3 O-O 10. Bg5 Re8 11. c5 e5 12. e3 exd4 13. cxd4 Re4 14. Be2 h6 15. Bxf6 Qxf6 16. Bf3 Re6 17. Bxd5 Qxd4 18. Rd1 Bxd5 19. Rxd4 Bxb3 20. axb3 Ra6 21. Ke2 Ra2+ 22. Kf3 Re8 23. Rhd1 Rb2 24. R1d3 b5 25. Rd7 Rc8 26. Re7 a5 27. Rdd7 c6 28. Rxf7 Rf8 29. Rxf8+ Kxf8 30. Rc7 Rxb3 31. Rxc6 a4 32. Ra6 a3 33. c6 b4 34. c7 Rc3 35. Ra8+ Ke7 36. c8=Q Rxc8 37. Rxc8 b3 38. Rc3 a2 39. Rxb3 a1=Q 40. Rb4 Qd1+ 41. Ke4 Qg4+ 0-1

[Event "Scarborough CC Jack Frost U1700"]
[Site "Toronto CAN"]
[Date "2009.02.05"]
[Round "5"]
[White "Pishdad, Hassan"]
[Black "Du, Bob"]
[Result "1/2-1/2"]
[WhiteElo "1366"]
[BlackElo "1238"]
[PlyCount "82"]
[GameId "2160767910281687"]
[EventDate "2009.01.08"]
[EventType "swiss"]
[EventRounds "7"]
[EventCountry "CAN"]

1. e4 c6 2. Nc3 d5 3. d4 dxe4 4. Nxe4 Bf5 5. Ng3 Bg6 6. Nf3 h6 7. Ne5 Bh7 8. Bc4 e6 9. Qh5 g6 10. Qf3 Nf6 11. c3 Nbd7 12. Bf4 Bg7 13. Rd1 O-O 14. Nxd7 Qxd7 15. Bxh6 Bxh6 16. Qxf6 Bg7 17. Qf3 Qd8 18. O-O Qb6 19. b3 Qc7 20. Ne4 b5 21. Bd3 a5 22. Bc2 b4 23. Ng5 Rfd8 24. Qh3 Qf4 25. Qxh7+ Kf8 26. Bxg6 Qxg5 27. Be4 bxc3 28. Bxc6 Rac8 29. Qe4 Qe7 30. Bb5 Qa3 31. Qc2 Qb2 32. Qxb2 cxb2 33. Bc4 Rxd4 34. Rxd4 Bxd4 35. g3 a4 36. Rb1 axb3 37. axb3 Ra8 38. Bd3 Rc8 39. Bc4 Ra8 40. Bd3 Rc8 41. Bc4 Ra8 1/2-1/2

[Event "Scarborough CC Jack Frost U1700"]
[Site "Toronto CAN"]
[Date "2009.02.05"]
[Round "5"]
[White "Rogers, Michael"]
[Black "Yusuf, Magas"]
[Result "0-1"]
[WhiteElo "1322"]
[BlackElo "1224"]
[PlyCount "72"]
[GameId "2160767910281689"]
[EventDate "2009.01.08"]
[EventType "swiss"]
[EventRounds "7"]
[EventCountry "CAN"]
[SourceTitle "EXT 2011"]
[Source "ChessBase"]
[SourceDate "2011.11.26"]
[SourceVersion "1"]
[SourceVersionDate "2011.11.26"]
[SourceQuality "1"]

1. e4 e5 2. Nf3 Nc6 3. Bc4 Nf6 4. d4 exd4 5. O-O Bc5 6. Re1 O-O 7. e5 Ne8 8. Qd3 g6 9. Bh6 Ng7 10. Re4 d5 11. Bxd5 Qxd5 12. c4 Qd8 13. Rh4 Nxe5 14. Qe4 Nxf3+ 15. gxf3 Re8 16. Qf4 Re1+ 17. Kg2 Ne6 18. Qg3 Qd6 19. Bf4 Nxf4+ 20. Rxf4 Bf5 21. Qg5 Re5 22. Qh6 Bh3+ 23. Qxh3 Rg5+ 24. Rg4 Rxg4+ 25. fxg4 d3 26. Nd2 Bb4 27. Qe3 Bxd2 28. Qxd2 Qd4 29. Rc1 Qxg4+ 30. Kh1 Qe4+ 31. Kg1 Rd8 32. b4 Qg4+ 33. Kh1 Qf3+ 34. Kg1 Rd4 35. Qe3 Rg4+ 36. Kf1 Qh1# 0-1

[Event "Scarborough CC Jack Frost U1700"]
[Site "Toronto CAN"]
[Date "2009.02.12"]
[Round "6"]
[White "Bao, Stephen"]
[Black "Woolford, Jesse"]
[Result "0-1"]
[WhiteElo "1542"]
[BlackElo "1062"]
[PlyCount "116"]
[GameId "2160767910281690"]
[EventDate "2009.01.08"]
[EventType "swiss"]
[EventRounds "7"]
[EventCountry "CAN"]
[SourceTitle "EXT 2011"]
[Source "ChessBase"]
[SourceDate "2011.11.26"]
[SourceVersion "1"]
[SourceVersionDate "2011.11.26"]
[SourceQuality "1"]

1. e4 e5 2. Nf3 Nc6 3. Bb5 a6 4. Ba4 Nf6 5. O-O Be7 6. Re1 b5 7. Bb3 O-O 8. c3 d5 9. exd5 Nxd5 10. Nxe5 Nxe5 11. Rxe5 c6 12. d4 Bd6 13. Re1 Qh4 14. g3 Qh3 15. Qd3 Bf5 16. Qf1 Qh5 17. Bd1 Qg6 18. Nd2 Rae8 19. Nf3 Bd3 20. Be2 Bxe2 21. Rxe2 Qd3 22. Ne5 Bxe5 23. Rxe5 Qxf1+ 24. Kxf1 Nf6 25. Bg5 Rxe5 26. dxe5 Ng4 27. Bf4 Nxh2+ 28. Kg2 Ng4 29. f3 Nh6 30. g4 f6 31. e6 Re8 32. Re1 Kf8 33. Bd6+ Kg8 34. Kg3 g5 35. f4 gxf4+ 36. Kxf4 Kg7 37. g5 Ng8 38. Kf5 fxg5 39. Be5+ Kf8 40. Kxg5 Rxe6 41. Bg7+ Kf7 42. Rxe6 Kxe6 43. Bd4 Kd5 44. b4 Kc4 45. Kf5 Ne7+ 46. Ke5 Nd5 47. a3 Nxc3 48. Bc5 Nb1 49. Kd6 Nxa3 50. Kxc6 Nc2 51. Kb6 Nxb4 52. Bf8 h5 53. Ka5 h4 54. Bxb4 h3 55. Bd6 b4 56. Ka4 b3 57. Ka3 Kc3 58. Be5+ Kc2 0-1

[Event "Scarborough CC Jack Frost U1700"]
[Site "Toronto CAN"]
[Date "2009.02.19"]
[Round "7"]
[White "Du, Bob"]
[Black "Dattani, Dinesh"]
[Result "0-1"]
[WhiteElo "1238"]
[BlackElo "1338"]
[PlyCount "58"]
[GameId "2160767910281692"]
[EventDate "2009.01.08"]
[EventType "swiss"]
[EventRounds "7"]
[EventCountry "CAN"]

1. e4 e5 2. Nf3 Nc6 3. Bb5 a6 4. Ba4 Nf6 5. O-O b5 6. Bb3 Bc5 7. Re1 O-O 8. c3 d6 9. h3 Bb7 10. Bc2 Re8 11. d3 h6 12. Be3 Bxe3 13. Rxe3 Nh5 14. Nbd2 Nf4 15. Nb3 Re6 16. Kh2 Rg6 17. g3 Qf6 18. gxf4 Qxf4+ 19. Kh1 Bc8 20. Qf1 Ne7 21. Ng1 Qh4 22. Ne2 Rf6 23. Kg1 Rg6+ 24. Rg3 Bxh3 25. Qe1 Bg4 26. Rc1 Bf3 27. Kf1 Qh1+ 28. Ng1 Rxg3 29. fxg3 Qg2# 0-1

[Event "Scarborough CC Jack Frost U1700"]
[Site "Toronto CAN"]
[Date "2009.02.19"]
[Round "7"]
[White "Pishdad, Hassan"]
[Black "Souchko, Larissa"]
[Result "1-0"]
[WhiteElo "1366"]
[BlackElo "1208"]
[PlyCount "85"]
[GameId "2160767910281694"]
[EventDate "2009.01.08"]
[EventType "swiss"]
[EventRounds "7"]
[EventCountry "CAN"]

1. e4 c5 2. Bc4 Nc6 3. a3 b6 4. Nc3 e6 5. Nf3 g6 6. d3 Bg7 7. Ne2 Nge7 8. c3 O-O 9. Be3 Bb7 10. Rb1 f5 11. exf5 Nxf5 12. Bg5 Bf6 13. Bxf6 Qxf6 14. O-O a6 15. b4 d5 16. Bb3 cxb4 17. axb4 b5 18. d4 Nh4 19. Nxh4 Qxh4 20. Qe1 Qe7 21. Ng3 Rae8 22. Qd2 Qg7 23. Rbe1 Bc8 24. Re3 Kh8 25. Bc2 e5 26. dxe5 Rxe5 27. Rxe5 Qxe5 28. Qh6 Rg8 29. Qd2 Rd8 30. Qh6 Qg7 31. Qe3 Ne5 32. Qg5 Rf8 33. f4 h6 34. Qxe5 Qxe5 35. fxe5 Rxf1+ 36. Kxf1 Kg7 37. Ke2 h5 38. Ke3 h4 39. Ne2 g5 40. Nd4 Kh6 41. Bf5 Bxf5 42. Nxf5+ Kg6 43. Ne7+ 1-0

[Event "Scarborough CC Jack Frost U1700"]
[Site "Toronto CAN"]
[Date "2009.02.19"]
[Round "7"]
[White "Rogers, Michael"]
[Black "Bao, Stephen"]
[Result "0-1"]
[WhiteElo "1322"]
[BlackElo "1542"]
[PlyCount "56"]
[GameId "2160767910281695"]
[EventDate "2009.01.08"]
[EventType "swiss"]
[EventRounds "7"]
[EventCountry "CAN"]
[SourceTitle "EXT 2011"]
[Source "ChessBase"]
[SourceDate "2011.11.26"]
[SourceVersion "1"]
[SourceVersionDate "2011.11.26"]
[SourceQuality "1"]

1. e4 c5 2. Nf3 d6 3. d4 cxd4 4. Nxd4 Nf6 5. Nc3 a6 6. Bg5 e6 7. f4 Be7 8. Qf3 O-O 9. O-O-O Qc7 10. Bd3 Re8 11. Qg3 Nh5 12. Qh4 Bxg5 13. Qxg5 g6 14. f5 Qe7 15. Qh6 Qf8 16. Qg5 Qe7 17. Qg4 Ng7 18. Rhf1 exf5 19. exf5 Qe3+ 20. Kb1 Nc6 21. Rf4 Ne5 22. Qg5 Nxd3 23. Nd5 Qe5 24. Nf6+ Kh8 25. Rh4 Nh5 26. Rxh5 gxh5 27. Qh6 Bxf5 28. Nxf5 Qxb2# 0-1

[Event "Scarborough CC Spring Swiss"]
[Site "Toronto CAN"]
[Date "2009.04.30"]
[Round "1"]
[White "Armstrong, Robert J"]
[Black "Samaroo, Muneshwar"]
[Result "1-0"]
[WhiteElo "1820"]
[BlackElo "1644"]
[PlyCount "105"]
[GameId "2160767910156982"]
[EventDate "2009.04.30"]
[EventType "swiss"]
[EventRounds "8"]
[EventCountry "CAN"]
[SourceTitle "EXT 2011"]
[Source "ChessBase"]
[SourceDate "2011.11.26"]
[SourceVersion "1"]
[SourceVersionDate "2011.11.26"]
[SourceQuality "1"]

1. d4 Nf6 2. c4 e6 3. Nf3 c5 4. d5 d6 5. Nc3 Be7 6. e4 exd5 7. cxd5 Bg4 8. Be2 Nbd7 9. O-O O-O 10. Nd2 Bxe2 11. Qxe2 h6 12. a4 Rc8 13. Nc4 Nb6 14. f4 Nxc4 15. Qxc4 Nd7 16. a5 a6 17. Bd2 Bf6 18. Na4 Bd4+ 19. Kh1 Re8 20. Rae1 f6 21. Bc3 b5 22. axb6 Nxb6 23. Qxa6 Nxa4 24. Qxa4 Qb6 25. Qc2 Rc7 26. h3 Rce7 27. Re2 c4 28. Bxd4 Qxd4 29. Rd1 Qc5 30. Rc1 Rc7 31. Qa4 Rec8 32. Qd1 Re8 33. Qe1 Qd4 34. Rd1 Qb6 35. e5 Rce7 36. e6 Ra8 37. Rc2 Qb5 38. Qe4 Rc8 39. Rdc1 Rec7 40. e7 Qd7 41. Rxc4 Rxc4 42. Rxc4 Re8 43. Qe6+ Qxe6 44. dxe6 Rxe7 45. f5 Rb7 46. Rc8+ Kh7 47. Rd8 Ra7 48. Kh2 Rb7 49. Rxd6 h5 50. h4 Rb3 51. e7 Rb8 52. Rd8 Rxd8 53. exd8=Q 1-0

[Event "Scarborough CC Spring Swiss"]
[Site "Toronto CAN"]
[Date "2009.04.30"]
[Round "1"]
[White "Longo, Tyler"]
[Black "Maister, Martin"]
[Result "1-0"]
[WhiteElo "1970"]
[BlackElo "1809"]
[PlyCount "56"]
[GameId "2160767910156983"]
[EventDate "2009.04.30"]
[EventType "swiss"]
[EventRounds "8"]
[EventCountry "CAN"]
[SourceTitle "EXT 2011"]
[Source "ChessBase"]
[SourceDate "2011.11.26"]
[SourceVersion "1"]
[SourceVersionDate "2011.11.26"]
[SourceQuality "1"]

1. d4 Nf6 2. Nf3 c5 3. e3 cxd4 4. exd4 d5 5. Bd3 g6 6. O-O Bg7 7. Nbd2 O-O 8. b3 Nc6 9. a3 a6 10. Bb2 Bg4 11. Re1 e6 12. h3 Bxf3 13. Nxf3 b5 14. a4 Qb6 15. axb5 axb5 16. Qd2 Rfc8 17. Red1 Rxa1 18. Rxa1 Nd7 19. Bf1 Bf8 20. Ba3 Ra8 21. Bc5 Qb7 22. Rxa8 Qxa8 23. Bxf8 Kxf8 24. Bxb5 Nf6 25. Qc3 Ne7 26. Qc7 Qa1+ 27. Kh2 Qa3 28. Ne5 Kg7 1-0

[Event "Scarborough CC Spring Swiss"]
[Site "Toronto CAN"]
[Date "2009.04.30"]
[Round "1"]
[White "Morra, Lui"]
[Black "Paterson, Jim"]
[Result "1/2-1/2"]
[WhiteElo "1641"]
[BlackElo "1802"]
[PlyCount "84"]
[GameId "2160767910156984"]
[EventDate "2009.04.30"]
[EventType "swiss"]
[EventRounds "8"]
[EventCountry "CAN"]
[SourceTitle "EXT 2011"]
[Source "ChessBase"]
[SourceDate "2011.11.26"]
[SourceVersion "1"]
[SourceVersionDate "2011.11.26"]
[SourceQuality "1"]

1. e4 e6 2. d4 d5 3. Nc3 Bb4 4. Bd3 c5 5. a3 Bxc3+ 6. bxc3 c4 7. Be2 Nf6 8. e5 Ne4 9. Bd2 Nc6 10. Nh3 Qa5 11. O-O Nxd4 12. Bg4 Nc6 13. Bf4 Qxc3 14. f3 Nc5 15. Qe2 h5 16. Bxh5 Rxh5 17. Qf2 Nd7 18. Qg3 Ncxe5 19. Kh1 Ng6 20. Bd6 Qf6 21. f4 Qh4 22. Qe3 b6 23. f5 d4 24. Qf3 Rxf5 25. Qxa8 Rxf1+ 26. Rxf1 Qd8 27. Qc6 Ba6 28. Nf4 Ne7 29. Qa4 Qc8 30. Rf3 Bb7 31. Rh3 Qc6 32. Rh8+ Nf8 33. Qb4 g5 34. Bxe7 gxf4 35. Rxf8+ Kd7 36. Rd8+ Kc7 37. Qd2 Qe4 38. Rxd4 Qe3 39. Rd7+ Kc6 40. Qd6+ Kb5 41. Qb4+ Kc6 42. Qd6+ Kb5 1/2-1/2

[Event "Scarborough CC Spring Swiss"]
[Site "Toronto CAN"]
[Date "2009.04.30"]
[Round "1"]
[White "Moysoski, Randy"]
[Black "Kurkowski, Ken"]
[Result "1-0"]
[WhiteElo "1915"]
[BlackElo "1690"]
[PlyCount "54"]
[GameId "2160767910156985"]
[EventDate "2009.04.30"]
[EventType "swiss"]
[EventRounds "8"]
[EventCountry "CAN"]
[SourceTitle "EXT 2011"]
[Source "ChessBase"]
[SourceDate "2011.11.26"]
[SourceVersion "1"]
[SourceVersionDate "2011.11.26"]
[SourceQuality "1"]

1. e4 c5 2. Nc3 e6 3. g3 d5 4. Bg2 d4 5. Nce2 Nc6 6. d3 Nf6 7. Nh3 e5 8. O-O Be7 9. f3 O-O 10. g4 h6 11. Ng3 b5 12. Nf5 c4 13. Nxe7+ Qxe7 14. g5 hxg5 15. Bxg5 Be6 16. f4 cxd3 17. cxd3 Rac8 18. f5 Bd7 19. a3 a5 20. Nf2 a4 21. Ng4 Rc7 22. Nxf6+ gxf6 23. Bh6 Kh7 24. Rf3 Rg8 25. Rh3 Rg7 26. Bxg7+ Kxg7 27. Qg4+ Kf8 1-0

[Event "Scarborough CC Spring Swiss"]
[Site "Toronto CAN"]
[Date "2009.04.30"]
[Round "1"]
[White "Radpey, Abdolreza"]
[Black "Wilker, Marcus"]
[Result "0-1"]
[WhiteElo "1306"]
[BlackElo "1820"]
[PlyCount "94"]
[GameId "2160767910156986"]
[EventDate "2009.04.30"]
[EventType "swiss"]
[EventRounds "8"]
[EventCountry "CAN"]
[SourceTitle "EXT 2011"]
[Source "ChessBase"]
[SourceDate "2011.11.26"]
[SourceVersion "1"]
[SourceVersionDate "2011.11.26"]
[SourceQuality "1"]

1. d4 Nf6 2. c4 e6 3. Nc3 Bb4 4. Nf3 c5 5. Bg5 Bxc3+ 6. bxc3 Nc6 7. d5 Ne7 8. d6 Nc6 9. Qc2 h6 10. Bh4 Qa5 11. Bxf6 gxf6 12. g3 b6 13. Bg2 Ba6 14. Nd2 Rb8 15. O-O Ne5 16. Ne4 Nxc4 17. Nxf6+ Kd8 18. Ne4 f5 19. Nf6 Rf8 20. Nh5 Nxd6 21. Rfd1 Nb5 22. Bc6 Rf7 23. Qb3 Qxc3 24. Qxe6 Qxa1 25. Qxf7 Qxd1+ 26. Kg2 dxc6 27. Nf6 Qd6 28. Qg8+ Ke7 29. Qg7+ Ke6 30. Qg6 Ke5 31. f4+ Kd4 32. Qxf5 Nc3 33. e3+ Kxe3 34. Ng4+ Kd2 35. Nf2 Qd5+ 36. Qxd5+ cxd5 37. f5 Rf8 38. g4 Ne4 39. Nh3 c4 40. Nf4 c3 41. Ne6 Rg8 42. h3 c2 43. Nd4 c1=Q 44. Nf3+ Kc3 45. Nh2 Qd2+ 46. Kh1 Qf2 47. Nf1 Bxf1 0-1

[Event "Scarborough CC Spring Swiss"]
[Site "Toronto CAN"]
[Date "2009.04.30"]
[Round "1"]
[White "Wu, Aaron"]
[Black "Bellomo, Joe"]
[Result "1-0"]
[WhiteElo "1970"]
[BlackElo "1766"]
[PlyCount "39"]
[GameId "2160767910156987"]
[EventDate "2009.04.30"]
[EventType "swiss"]
[EventRounds "8"]
[EventCountry "CAN"]
[SourceTitle "EXT 2011"]
[Source "ChessBase"]
[SourceDate "2011.11.26"]
[SourceVersion "1"]
[SourceVersionDate "2011.11.26"]
[SourceQuality "1"]

1. e4 c5 2. Nf3 d6 3. d4 cxd4 4. Nxd4 Nf6 5. Nc3 a6 6. Bg5 e6 7. f4 Be7 8. Qf3 Qb6 9. O-O-O Nbd7 10. Nb3 O-O 11. Bd3 Nc5 12. Kb1 Nxb3 13. cxb3 Bd7 14. e5 Bc6 15. Qh3 dxe5 16. Bxf6 e4 17. Nxe4 Rad8 18. Ng5 h6 19. Qxh6 gxh6 20. Bh7# 1-0

[Event "Scarborough CC Spring Swiss"]
[Site "Toronto CAN"]
[Date "2009.05.07"]
[Round "2"]
[White "Krupka, David"]
[Black "Moysoski, Randy"]
[Result "1-0"]
[WhiteElo "2216"]
[BlackElo "1915"]
[PlyCount "96"]
[GameId "2160767910156988"]
[EventDate "2009.04.30"]
[EventType "swiss"]
[EventRounds "8"]
[EventCountry "CAN"]
[SourceTitle "EXT 2011"]
[Source "ChessBase"]
[SourceDate "2011.11.26"]
[SourceVersion "1"]
[SourceVersionDate "2011.11.26"]
[SourceQuality "1"]

1. e4 d5 2. d4 dxe4 3. Nc3 Nf6 4. f3 Bf5 5. Bc4 e6 6. Bg5 Bb4 7. a3 Ba5 8. b4 Bb6 9. fxe4 Bxd4 10. Nge2 Bxc3+ 11. Nxc3 Qxd1+ 12. Rxd1 Bg4 13. Rd3 c6 14. O-O Nbd7 15. Bb3 Bh5 16. Rg3 Bg6 17. e5 Nd5 18. Nxd5 cxd5 19. Ba4 Rc8 20. c3 a6 21. Bxd7+ Kxd7 22. Rc1 Rc4 23. Be3 Rhc8 24. Bc5 Re4 25. Re3 Rc4 26. Rf1 Kc6 27. Bd4 Kb5 28. Ra1 Ka4 29. Re2 h6 30. Kf2 Be4 31. g3 Rf8 32. Ke3 f5 33. Rf2 g5 34. Kd2 f4 35. gxf4 gxf4 36. Rg1 f3 37. Rg7 Rb8 38. Ba7 Rbc8 39. Bc5 Rc7 40. Rxc7 Kxa3 41. Re7 a5 42. Rxe6 axb4 43. Bxb4+ Kb3 44. Rf1 d4 45. Rb6 Rc6 46. Bc5+ Rxb6 47. Bxb6 dxc3+ 48. Kc1 c2 1-0

[Event "Scarborough CC Spring Swiss"]
[Site "Toronto CAN"]
[Date "2009.05.07"]
[Round "2"]
[White "Peng, Bill"]
[Black "Hall, John2"]
[Result "1/2-1/2"]
[WhiteElo "2022"]
[BlackElo "2204"]
[PlyCount "83"]
[GameId "2160767910156989"]
[EventDate "2009.04.30"]
[EventType "swiss"]
[EventRounds "8"]
[EventCountry "CAN"]
[SourceTitle "EXT 2011"]
[Source "ChessBase"]
[SourceDate "2011.11.26"]
[SourceVersion "1"]
[SourceVersionDate "2011.11.26"]
[SourceQuality "1"]

1. e4 e5 2. Nf3 Nf6 3. Bc4 Nc6 4. d3 Be7 5. O-O O-O 6. Bg5 d6 7. c3 Na5 8. Bb5 a6 9. Ba4 b5 10. Bc2 c5 11. Nbd2 Nc6 12. Re1 h6 13. Bxf6 Bxf6 14. Nf1 Be6 15. Ne3 g6 16. Bb3 Bg7 17. Bd5 Rc8 18. a4 b4 19. Nd2 Na5 20. Nb3 bxc3 21. bxc3 Rb8 22. Rb1 Bd7 23. Nxa5 Qxa5 24. Qd2 Kh7 25. Rxb8 Rxb8 26. Bxf7 Qxa4 27. Nd5 Rf8 28. Nb6 Qb5 29. Nc4 Rxf7 30. Nxd6 Qb3 31. Nxf7 Qxf7 32. Ra1 Qb3 33. h3 h5 34. Rxa6 Qb1+ 35. Kh2 Bb5 36. Rd6 Bh6 37. Qe2 Bf8 38. Rd5 Bc6 39. Rxe5 Bd6 40. f4 Bxe5 41. fxe5 Qc1 42. Qf3 1/2-1/2

[Event "Scarborough CC Spring Swiss"]
[Site "Toronto CAN"]
[Date "2009.05.07"]
[Round "2"]
[White "Samaroo, Muneshwar"]
[Black "Verde, Pino"]
[Result "0-1"]
[WhiteElo "1644"]
[BlackElo "1756"]
[PlyCount "52"]
[GameId "2160767910156990"]
[EventDate "2009.04.30"]
[EventType "swiss"]
[EventRounds "8"]
[EventCountry "CAN"]
[SourceTitle "EXT 2011"]
[Source "ChessBase"]
[SourceDate "2011.11.26"]
[SourceVersion "1"]
[SourceVersionDate "2011.11.26"]
[SourceQuality "1"]

1. d4 Nf6 2. c4 e6 3. Nc3 Bb4 4. Qc2 c5 5. e3 Nc6 6. Nf3 Bxc3+ 7. bxc3 O-O 8. Ba3 cxd4 9. Bxf8 dxe3 10. fxe3 Qxf8 11. Bd3 Qc5 12. Qd2 Ng4 13. Nd4 Nce5 14. Qe2 Nxd3+ 15. Qxd3 Ne5 16. Qe2 Nxc4 17. O-O Ne5 18. Rac1 b6 19. Nf3 Ng4 20. Nd4 Qg5 21. Qf3 f5 22. Qxa8 Qxe3+ 23. Kh1 Nf2+ 24. Kg1 Nh3+ 25. Kh1 Qg1+ 26. Rxg1 Nf2# 0-1

[Event "Scarborough CC Spring Swiss"]
[Site "Toronto CAN"]
[Date "2009.05.07"]
[Round "2"]
[White "Sellars, Karl"]
[Black "Paterson, Jim"]
[Result "1-0"]
[WhiteElo "2236"]
[BlackElo "1839"]
[PlyCount "87"]
[GameId "2160767910156991"]
[EventDate "2009.04.30"]
[EventType "swiss"]
[EventRounds "8"]
[EventCountry "CAN"]
[SourceTitle "EXT 2011"]
[Source "ChessBase"]
[SourceDate "2011.11.26"]
[SourceVersion "1"]
[SourceVersionDate "2011.11.26"]
[SourceQuality "1"]

1. e4 e6 2. d4 d5 3. Nc3 Bb4 4. e5 Qd7 5. Bd2 b6 6. Bb5 c6 7. Ba4 Ba6 8. Nce2 Be7 9. f4 h5 10. f5 exf5 11. Nf4 Bg5 12. Ngh3 Bxf4 13. Nxf4 b5 14. Bb3 Bc8 15. Qf3 a5 16. a3 Qe7 17. O-O Be6 18. Nxh5 Qh4 19. Ng3 Qxd4+ 20. Rf2 Ne7 21. Re1 Nd7 22. h3 Qxb2 23. a4 b4 24. Nh5 g6 25. Nf6+ Nxf6 26. exf6 Qxf6 27. Qg3 Rc8 28. Bf4 Qh4 29. Qe3 Rh5 30. Bg3 Qf6 31. Be5 Qg5 32. Bf4 Qf6 33. Qa7 Qc3 34. Rfe2 Qh8 35. Bd6 Qf6 36. Qxa5 Qd4+ 37. Kh2 Kd7 38. Be5 Qg4 39. Qa7+ Ke8 40. Qb7 f4 41. Bf6 Rxh3+ 42. Kg1 Kf8 43. Rxe6 fxe6 44. Qxe7+ 1-0